Restaurant Slogan Match Quiz Stats

 Plays Quiz Updated Jun 25, 2018

Score 0/20 Timer 02:00
9 Plays Today
% Correct
McDonald's
90.4%
Subway
86.7%
KFC
85.6%
Papa John's
81.5%
Dunkin' Donuts
79.5%
Taco Bell
78.8%
Little Caesars
77.6%
Burger King
77%
Quiznos
75.5%
Applebee's
71%
% Correct
In-N-Out Burger
66.2%
Olive Garden
64.3%
Hooters
61.5%
Jimmy John's
60.7%
Bob Evans
60.4%
Arby's
48.7%
Wendy's
41.2%
IHOP
36.4%
Dairy Queen
34.7%
Pizza Hut
31.9%

You're not logged in!

Compare scores with friends on all Sporcle quizzes.
OR
Log In

You Might Also Like...

Show Comments

Extras

Top Quizzes Today


Score Distribution

Your Account Isn't Verified!

In order to create a playlist on Sporcle, you need to verify the email address you used during registration. Go to your Sporcle Settings to finish the process.

Report this User

Report this user for behavior that violates our Community Guidelines.

Details: